000 00468nam a2200169Ia 4500
003 GCL
008 140319s9999 xx 000 0 ara d
040 _aGCL /
_cGCL
082 0 4 _a812.009
_bع ف
100 1 _aعلى الراعى
245 1 0 _aفن المسرحية /
_cعلى الراعى
300 _a127 ص
490 _a100 قصة
_v0
650 0 4 _aالادب العربى
650 0 4 _aالمسرحية العربية - تاريخ ونقد
942 _2ddc
_cBK
999 _c46719
_d46719